000 00613nam a2200205Ia 4500
003 GCL
008 140319s9999 xx 000 0 eng d
040 _aGCL /
_cGCL
082 0 4 _aCC
_b323.34
_bT E
100 1 _aTHE NETWORK OF EGYPTIAN PROFESSIONAL WOM
245 1 0 _aEGYPTIAN WOMEN IN SOCIAL DEVELOPMENT: A RESOURCE GUIDE /
_cTHE NETWORK OF EGYPTIAN PROFESSIONAL WOM
260 _a[S.N] :
_bTHE AMERICAN UNIVERSITY IN CAIRO PRESS ،
_c1988
300 _a346 P
650 0 4 _aDEVELOPMENT
650 0 4 _aEGYPT
650 0 4 _aWOMEN
650 0 4 _aEGYPTIAN WOMEN
650 0 4 _aSOCIAL SERVICES
942 _2ddc
_cBK
999 _c12229
_d12229